| 000 | 00713 a2200169 4500 | ||
|---|---|---|---|
| 999 |
_c332229 _d332229 |
||
| 003 | NUST | ||
| 005 | 20171120145642.0 | ||
| 008 | 171120b xxu||||| |||| 00| 0 eng d | ||
| 040 |
_aDLC _bDLC _c0 |
||
| 082 | _a842.912 BEC | ||
| 100 |
_aBeckett, Samuel _9317 |
||
| 245 |
_aWaiting for Godot: _cS,Beckett _h _bTragicomedy in 2 Acts |
||
| 260 |
_aParis: _bA. B. Books, _c2006. |
||
| 300 |
_a60p. ; _c24 cm. |
||
| 500 | _aIncludes Index | ||
| 501 | _aP.B | ||
| 650 |
_aTragicomedy lcsh _96574 |
||
| 942 |
_cBK _kIESE _2ddc |
||